| 000 | 00404nam a2200169Ia 4500 | ||
|---|---|---|---|
| 003 | OSt | ||
| 005 | 20240604122533.0 | ||
| 008 | 170619s9999 xx 000 0 und d | ||
| 020 | _a978-8121942911 | ||
| 040 | _cIIMT ENGINEERING COLLEGE | ||
| 100 | _aBalla V K | ||
| 245 | 0 | _aInternational Financial management | |
| 260 | _bNew Delhi Anmol | ||
| 260 | _c2007 | ||
| 546 | _aENGLISH | ||
| 942 |
_2ddc _c02 |
||
| 999 |
_c22338 _d22338 |
||